| 000 | 01046nam a2200253 i 4500 | ||
|---|---|---|---|
| 001 | 164145 | ||
| 003 | ES-MaACL | ||
| 005 | 20250811063201.0 | ||
| 008 | 970721s1873 sp c |||| | spa d | ||
| 040 |
_aCYL _bspa _cCYL |
||
| 080 | _a821.134.2-14"18" | ||
| 100 |
_aRuiz Aguilera, Ventura, _d1820-1881 _9188456 |
||
| 245 | 1 | 0 |
_aEcos nacionales y cantares _b: con traducciones al portugués, alemán, inglés, italiano, catalán, gallego y provenzal / _cVentura Ruiz Aguilera. |
| 250 | _a6ª ed. | ||
| 260 |
_aMadrid : _b[s.n., _c1873?] ( _fImp. de la Biblioteca de Instrucción y Recreo) |
||
| 300 |
_aXIV, [15]-416 p., [1] h. de lám. ; _c19 cm. |
||
| 490 | 1 | _aObras completas de D. Ventura Ruiz Aguilera | |
| 505 | 8 | _aContiene: Libro I-III. Ecos nacionales -- Libro IV. Cantares | |
| 596 | _aFechado por Palau: 1873. | ||
| 599 | _aLa h. de lám. es un retr.: "A. Weger Leipzig" | ||
| 830 | 0 |
_aObras completas de D. Ventura Ruiz Aguilera _9188457 |
|
| 852 |
_aES-MaACL _jD-1832 _z-- Enc. hol. |
||
| 999 |
_c164145 _d164145 |
||